01414nam a22003497a 4500003000500000005001700005008004100022010001100063011001100074035001100085040000900096090001000105100004500115245012400160260004000284300003800324502010400362590003700466590004100503590004100544590004100585590004200626650004000668650003300708650004000741650004000781901000700821942001000828949006200838999001900900952014500919CHAP20220329143803.0110816s1984 mx a r 00010 spa d a101855 a102827 a113516 cCHAP aTesis1 aCedillo Fortuna, Víctor Manuel.92084610aProspecto geohidrologico del Valle de Ocampo, municipio de Cd. Ocampo, Tamaulipasc/por Víctor Manuel Cedillo Fortuna aMéxíco, D.F. :bEl autor,c1984 a118 h. :bilus., gráfs., tablas aTesis (Ing. Geologo) -- IPN. Escuela Superior de Ingeniería y Arquitectura. Ciencias de la Tierra aALEPHb10c20130110lUCH01h1541 aBATCH-UPDb10c20130110lUCH01h0935 aBATCH-UPDb10c20130410lUCH01h0553 aBATCH-UPDb10c20130913lUCH01h2249 aCONVERSIONb10c20130109lUCH01h135614aAgua potablexAbastecimiento.9244314aAgua potablexCalidad.9244614aAgua subterraneaxTamaulipas.9248114aHidrogeologíaxTamaulipas.955237 aBK cTESIS aTesisbBCcTESd33724002301595eTS1gDonaciØni113516sb c101855d101855 00102local4051708TESISaBCbBCcPA_TESISd2012-12-17eDonacionfTESISl0oTesisp33724002301595r2019-12-31 00:00:00w2019-12-31yTESIS